<?xml version="1.0" encoding="UTF-8"?>
<record
    xmlns:xsi="http://www.w3.org/2001/XMLSchema-instance"
    xsi:schemaLocation="http://www.loc.gov/MARC21/slim http://www.loc.gov/standards/marcxml/schema/MARC21slim.xsd"
    xmlns="http://www.loc.gov/MARC21/slim">

  <leader>03117cam a22003254i 4500</leader>
  <controlfield tag="003">PE-LiUPU</controlfield>
  <controlfield tag="005">20250731183449.0</controlfield>
  <controlfield tag="008">240927b        |||||||| |||| 00| 0 spa d</controlfield>
  <datafield tag="020" ind1=" " ind2=" ">
    <subfield code="a">9788433856159</subfield>
  </datafield>
  <datafield tag="040" ind1=" " ind2=" ">
    <subfield code="a">UNAMX</subfield>
    <subfield code="b">spa</subfield>
    <subfield code="c">PE-LiUPU</subfield>
    <subfield code="d">PE-LiUPU</subfield>
    <subfield code="e">rda</subfield>
  </datafield>
  <datafield tag="049" ind1=" " ind2=" ">
    <subfield code="a">PRUA</subfield>
  </datafield>
  <datafield tag="082" ind1="0" ind2="4">
    <subfield code="a">720.72</subfield>
    <subfield code="b">D278</subfield>
    <subfield code="2">23</subfield>
  </datafield>
  <datafield tag="245" ind1="0" ind2="0">
    <subfield code="a">De la casa al territorio :</subfield>
    <subfield code="b">jornadas de investigaci&#xF3;n en Arquitectura /</subfield>
    <subfield code="c">editores: David Arredondo, Jual Calatrava, Ana del Cid y Francisco Garc&#xED;a P&#xEB;rez.</subfield>
  </datafield>
  <datafield tag="264" ind1=" " ind2="1">
    <subfield code="a">Granada :</subfield>
    <subfield code="b">Editorial Universidad de Granada, Campus Universitario de Cartuja,</subfield>
    <subfield code="c">2014.</subfield>
  </datafield>
  <datafield tag="300" ind1=" " ind2=" ">
    <subfield code="a">347 p&#xE1;ginas :</subfield>
    <subfield code="b">ilustraciones, fotos, planos ;</subfield>
    <subfield code="c">24 cent&#xED;metros.</subfield>
  </datafield>
  <datafield tag="336" ind1=" " ind2=" ">
    <subfield code="a">text</subfield>
    <subfield code="2">rdacontent</subfield>
  </datafield>
  <datafield tag="337" ind1=" " ind2=" ">
    <subfield code="a">unmediated</subfield>
    <subfield code="2">rdamedia</subfield>
  </datafield>
  <datafield tag="338" ind1=" " ind2=" ">
    <subfield code="a">volume</subfield>
    <subfield code="2">rdacarrier</subfield>
  </datafield>
  <datafield tag="505" ind1=" " ind2=" ">
    <subfield code="a">Cartograf&#xED;as superpuestas. Estudios de ciudad -- Visiones de la No-Granada -- La aplicaci&#xF3;n de las cualidades espaciales del color en la arquitectura -- Itinerarios por la ciudad de los lugares olvidados. El cielo sobre Berl&#xED;n Wim Wenders, 1987-2012 -- Una visi&#xF3;n de Hong Kong -- Organigramas arquitect&#xF3;nicos. Computerizaci&#xF3;n y an&#xE1;lisis -- La casa del aire: el retorno al gradiente original -- Arquingenier&#xED;as en el agua. Hibridaci&#xF3;n entre las disciplinas en las presas espa&#xF1;olas -- G&#xE9;nesis de la arquitectura de la universidad laboral de Almer&#xED;a una organizaci&#xF3;n policentrica jer&#xE1;rquica -- La agricultura en las utop&#xED;as urbanas -- Patrimonio territorial asociado a sistemas lineales &#x2013; Agua y periferia urbana en Al-Andalus. Estudio comparativo de los casos de Granada y Sevilla -- Terrain Fertile Vague. El paisaje agr&#xED;cola urbanizable como patrimonio de la ciudad contempor&#xE1;nea -- El secadero de tabaco dentro del espectro de la arquitectura patrimonial -- La cultura de ocio en la costa del sol como objeto patrimonial (1959-1979) -- La imagen cartogr&#xE1;fica, objeto y fuente de la historia urbana: el caso de Granada -- La formaci&#xF3;n del barrio del Mauror en im&#xE1;genes -- De la Qasabat Al-Qadima a la alcazaba roja -- La alcazaba de Almeria: una vision general de su rehabilitaci&#xF3;n en el siglo xx -- La facultad de medicina en la calle rector L&#xF3;pez Arg&#xFC;eta -- La conservaci&#xF3;n del patrimonio en Tetu&#xE1;n durante el protectorado espa&#xF1;ol (1912-1956): las puertas de la Medina -- El origen de la proporci&#xF3;n en la arquitectura cl&#xE1;sica&#x2026; Y su futuro -- &#xBF;Es un proyecto de arquitectura un proyecto cient&#xED;fico? -- Investigando a La D&#xE9;rive -- Desarrollo de la ciudad de Viena mediante las transformaciones de las cubiertas en nuevos espacios habitables de 1988 a 2012 -- La Viena roja, una pol&#xED;tica residencial. H&#xF6;fe vs Siedlungen, un manifiesto arquitect&#xF3;nico, el Karl Marx-Hof.</subfield>
  </datafield>
  <datafield tag="526" ind1=" " ind2=" ">
    <subfield code="a">P158</subfield>
  </datafield>
  <datafield tag="526" ind1=" " ind2=" ">
    <subfield code="a">P146</subfield>
  </datafield>
  <datafield tag="526" ind1=" " ind2=" ">
    <subfield code="a">P17</subfield>
  </datafield>
  <datafield tag="526" ind1=" " ind2=" ">
    <subfield code="a">P12</subfield>
  </datafield>
  <datafield tag="526" ind1=" " ind2=" ">
    <subfield code="a">P06</subfield>
  </datafield>
  <datafield tag="650" ind1="1" ind2="4">
    <subfield code="a">Arquitectura</subfield>
    <subfield code="v">Congresos y asambleas.</subfield>
    <subfield code="9">4445</subfield>
  </datafield>
  <datafield tag="700" ind1=" " ind2=" ">
    <subfield code="a">Arredondo Garrido, David,</subfield>
    <subfield code="e">compilador.</subfield>
    <subfield code="9">4446</subfield>
  </datafield>
  <datafield tag="942" ind1=" " ind2=" ">
    <subfield code="2">ddc</subfield>
    <subfield code="c">BK</subfield>
  </datafield>
  <datafield tag="980" ind1=" " ind2=" ">
    <subfield code="6">18226</subfield>
    <subfield code="a">Jaime Vilcaz&#xE1;n Jefe de An&#xE1;lisis Documental</subfield>
    <subfield code="8">1</subfield>
    <subfield code="g">ALBERTO SANCHEZ Responsable de Automatizaci&#xF3;n</subfield>
  </datafield>
  <datafield tag="999" ind1=" " ind2=" ">
    <subfield code="c">62640</subfield>
    <subfield code="d">62639</subfield>
  </datafield>
  <datafield tag="952" ind1=" " ind2=" ">
    <subfield code="r">2025-12-03 00:00:00</subfield>
    <subfield code="l">0</subfield>
    <subfield code="o">720.72 D278</subfield>
    <subfield code="p">82282</subfield>
    <subfield code="t">e1</subfield>
    <subfield code="v">50.62</subfield>
    <subfield code="w">2024-09-27</subfield>
    <subfield code="x">FIA</subfield>
    <subfield code="y">BK</subfield>
    <subfield code="1">0</subfield>
    <subfield code="2">ddc</subfield>
    <subfield code="5">0</subfield>
    <subfield code="7">0</subfield>
    <subfield code="8">GEN</subfield>
    <subfield code="a">BUL</subfield>
    <subfield code="b">BUL</subfield>
    <subfield code="c">GEN</subfield>
    <subfield code="d">2024-09-27</subfield>
    <subfield code="e">Compra, San Crist&#xF3;bal</subfield>
    <subfield code="g">45.62</subfield>
  </datafield>
</record>
